Children, Youth and Environments

محفوظ في:

التنسيق: دورية

اللغة: Undetermined

منشور في: JSTOR
University of Cincinnati

الموضوعات:

الوصول للمادة أونلاين: Login to view Source

الوسوم: إضافة وسم

لا توجد وسوم, كن أول من يضع وسما على هذه التسجيلة!

رقم الطلب:

LEADER 00545nas a2200181Ia 4500
008 220214c99999999xx |||||||||||| ||und||
022 |a 1546-2250 
245 0 0 |a Children, Youth and Environments 
264 1 |b JSTOR 
264 1 |b University of Cincinnati 
362 0 |a Vol. 13(2003)-27 (2017) 
653 1 0 |a Psychology 
653 1 0 |a Social Sciences 
653 1 0 |a Sociology 
856 4 0 |u https://www.jstor.org/journal/chilyoutenvi 
942 |c JL 
952 |0 0  |1 0  |4 0  |7 1  |9 34518  |a JSR  |b JSR  |d 2022-02-14  |l 0  |r 2022-02-14 00:00:00  |w 2022-02-14  |y JL 
999 |c 42851  |d 42851